| 000 | 00626nam a2200229Ia 4500 | ||
|---|---|---|---|
| 001 | 1542 | ||
| 003 | GE_BSU | ||
| 008 | 181216s||||||||xx |||||||||||||| ||und|| | ||
| 020 | _a5160011366 | ||
| 040 | _cGE_BSU | ||
| 080 | _a808.5=161.1 | ||
| 100 | _aМилославский,И.Г. | ||
| 245 | _aКультура речи русская грамматика | ||
| 245 | _bКурс лекции | ||
| 260 | _aМосква | ||
| 260 | _bСтупени,Инфра-М | ||
| 260 | _c2002 | ||
| 300 | _a160стр. | ||
| 541 | _h5л. | ||
| 653 | _aКультура речи русская грамматика | ||
| 942 | _cBK | ||
| 999 |
_c35669 _d35669 |
||